|
|
|
|
| LEADER |
00000nam0a2200000 4500 |
| 001 |
368732 |
| 005 |
20231102012119.0 |
| 035 |
|
|
|a (RuTPU)RU\TPU\retro\26114
|
| 090 |
|
|
|a 368732
|
| 100 |
|
|
|a 20220419d1980 km y0rusy50 ca
|
| 101 |
1 |
|
|a rus
|c eng
|
| 102 |
|
|
|a RU
|
| 105 |
|
|
|a a z 001zy
|
| 200 |
1 |
|
|a Теория интерполяции, функциональные пространства, дифференциальные операторы
|e пер. с англ.
|f Х. Трибель
|g пер. В. И. Буренкова, М. Л. Гольдмана
|
| 210 |
|
|
|a Москва
|c Мир
|d 1980
|
| 215 |
|
|
|a 664 с.
|c ил.
|
| 320 |
|
|
|a Библиогр.: с. 609-645
|
| 320 |
|
|
|a Указ. имен: с. 649-653
|
| 320 |
|
|
|a Темат. указ.: с. 654-656
|
| 606 |
1 |
|
|a Действительные функции
|2 stltpush
|3 (RuTPU)RU\TPU\subj\8995
|9 36295
|
| 606 |
1 |
|
|a Пространства функциональные
|x (функциональный анализ)
|2 stltpush
|3 (RuTPU)RU\TPU\subj\52840
|9 71231
|
| 610 |
1 |
|
|a интерполяция
|
| 610 |
1 |
|
|a теория
|
| 610 |
1 |
|
|a дифференциальные операторы
|
| 610 |
1 |
|
|a банаховы пространства
|
| 610 |
1 |
|
|a банаховы пространства
|
| 610 |
1 |
|
|a пространства Лебега
|
| 610 |
1 |
|
|a весовые пространства
|
| 610 |
1 |
|
|a эллиптические операторы
|
| 675 |
|
|
|a 517.982
|v 4
|
| 675 |
|
|
|a 517.517.51
|v 4
|
| 700 |
|
1 |
|a Трибель
|b Х.
|
| 702 |
|
1 |
|a Буренков
|b В. И.
|4 730
|
| 702 |
|
1 |
|a Гольдман
|b М. Л.
|4 730
|
| 801 |
|
1 |
|a RU
|b 63413507
|c 20220419
|
| 942 |
|
|
|c BK
|